000 00315nam a22001337a 4500
008 170814b xxu||||| |||| 00| 0 eng d
020 _a9780387946535
041 _aeng
080 _a51
100 _a36
101 _aMAT
245 _aPARTIAL DEFERENCE EQUATIONS BASIC THEORY
_cTAYLOR.M.E
942 _2udc
_cBK
999 _c23355
_d23355